[Event "63. Rusia ch femenino 2013"]
[Site "Nizhny Novgorod RUS"]
[Date "2013.10.05"]
[Round "1.3"]
[White "Gunina, Valentina"]
[Black "Goryachkina, Aleksandra"]
[Result "1-0"]
[WhiteElo "2506"]
[BlackElo "2436"]
[PlyCount "109"]
[EventDate "2013.10.05"]
[EventType "tourn"]
[EventRounds "9"]
[EventCountry "RUS"]
[EventCategory "8"]
[Source "lmi"]
[SourceDate "2013.10.05"]

1. Nf3 d5 2. g3 c6 3. Bg2 Bg4 4. c4 Nd7 5. cxd5 cxd5 6. Qa4 Ngf6 7. O-O e6 8.
d3 Bd6 9. Nc3 O-O 10. Be3 a6 11. Rac1 Qe7 12. a3 Rac8 13. Nd2 Rc7 14. Bg5 Bh5
15. e4 b5 16. Qa5 Ne5 17. d4 Nc6 18. Qxa6 Nxd4 19. exd5 Rxc3 20. Rxc3 Ne2+ 21.
Kh1 Nxc3 22. Bxf6 Qxf6 23. bxc3 exd5 24. Qxb5 Bxa3 25. Qxd5 Bg6 26. Qa5 Bb2 27.
c4 Bd3 28. Ne4 Qe7 29. Re1 Bxc4 30. Nc5 Qg5 31. Qb4 Bd5 32. Be4 Bf6 33. Nd7 Rd8
34. h4 Qg4 35. Nxf6+ gxf6 36. Kh2 Bxe4 37. Rxe4 Qd1 38. Rg4+ Kh8 39. Qe7 Qxg4
40. Qxf6+ Kg8 41. Qxd8+ Kg7 42. Qg5+ Qxg5 43. hxg5 Kg6 44. f4 h6 45. gxh6 Kxh6
46. g4 Kg6 47. Kg3 Kf6 48. Kf3 Ke6 49. Ke3 f6 50. Ke2 Kd5 51. Kd3 Ke6 52. Kc4
Kd6 53. Kd4 Kd7 54. Kc5 Kc7 55. Kd5 1-0